[Event "Feffernitz op 32nd"]
[Site "Feffernitz"]
[Date "2023.08.09"]
[Round "6"]
[White "Riemelmoser, Franz"]
[Black "Rechberger, Franz"]
[Result "1/2-1/2"]
[WhiteElo "2228"]
[BlackElo "2080"]
[PlyCount "78"]
[EventDate "2023.08.05"]
[EventType "swiss"]
[EventRounds "9"]
[EventCountry "AUT"]
[SourceTitle "CBM 215 Extra"]
[Source "ChessBase"]
[SourceDate "2023.09.30"]
[SourceVersion "1"]
[SourceVersionDate "2023.09.30"]
[SourceQuality "1"]

1. c4 e5 2. Nc3 Nf6 3. g3 Bb4 4. Bg2 0-0 5. e4 Bxc3 6. dxc3 d6 7. Qe2 Nbd7 8. Nf3 Nc5 9. Nh4 Bg4 10. f3 Be6 11. Be3 Nfd7 12. 0-0 a5 13. Rad1 a4 14. Nf5 f6 15. Bf2 Qe8 16. Ne3 Qf7 17. Rd2 b5 18. Nd5 c6 19. Ne3 bxc4 20. Rxd6 Rfc8 21. Rxe6 Qxe6 22. Nxc4 Rab8 23. Rd1 Nb7 24. Bf1 Rd8 25. b4 axb3 26. axb3 Ndc5 27. b4 Rxd1 28. Qxd1 Rd8 29. Qc2 Nd7 30. Qa4 Nf8 31. Qa6 Qc8 32. Nb6 Qc7 33. c4 Ne6 34. c5 Nd4 35. Kg2 g6 36. Qa7 Re8 37. Qa1 Rd8 38. Qa7 Re8 39. Qa1 Rd8 1/2-1/2

[Event "AUT-chT2M 1920"]
[Site "Austria"]
[Date "2020.01.12"]
[Round "9.6"]
[White "Rechberger, Franz"]
[Black "Hellmayr, Alois"]
[Result "1/2-1/2"]
[WhiteElo "2117"]
[BlackElo "2242"]
[PlyCount "67"]
[EventDate "2019.10.11"]
[EventType "team-tourn"]
[EventRounds "11"]
[EventCountry "AUT"]
[SourceTitle "CBM 194 Extra"]
[Source "ChessBase"]
[SourceDate "2020.03.31"]
[SourceVersion "1"]
[SourceVersionDate "2020.03.31"]
[SourceQuality "1"]
[WhiteTeam "Freistadt/Wartberg"]
[BlackTeam "Sauwald"]
[WhiteTeamCountry "AUT"]
[BlackTeamCountry "AUT"]

1. e4 c5 2. Nf3 e6 3. d4 cxd4 4. Nxd4 Nc6 5. Nc3 Qc7 6. Be3 Nf6 7. Qd2 a6 8. 0-0-0 b5 9. Nxc6 dxc6 10. Bf4 Qb6 11. f3 Be7 12. Be3 Qc7 13. g4 e5 14. g5 Nh5 15. h4 0-0 16. Qf2 Rb8 17. Bh3 Bxh3 18. Rxh3 Rfd8 19. Rhh1 Rxd1+ 20. Rxd1 Rd8 21. Rxd8+ Qxd8 22. Qh2 Bd6 23. Qh3 Kf8 24. Ne2 g6 25. Ng3 Nxg3 26. Qxg3 Qc7 27. Qh3 Ke7 28. h5 Qa5 29. c3 Qxa2 30. Qc8 Qa1+ 31. Kc2 Qa4+ 32. Kc1 Qa1+ 33. Kc2 Qa4+ 34. Kc1 1/2-1/2

[Event "AUT-chT2M 1920"]
[Site "Austria"]
[Date "2019.10.12"]
[Round "2.6"]
[White "Rechberger, Franz"]
[Black "Wegerer, Fred"]
[Result "1-0"]
[WhiteElo "2117"]
[BlackElo "2166"]
[PlyCount "99"]
[EventDate "2019.10.11"]
[EventType "team-tourn"]
[EventRounds "11"]
[EventCountry "AUT"]
[SourceTitle "CBM 192 Extra"]
[Source "Chessbase"]
[SourceDate "2019.11.06"]
[SourceVersion "1"]
[SourceVersionDate "2019.11.06"]
[SourceQuality "1"]
[WhiteTeam "Freistadt/Wartberg"]
[BlackTeam "Gleisdorf"]
[WhiteTeamCountry "AUT"]
[BlackTeamCountry "AUT"]

1. e4 c5 2. Nf3 e6 3. d4 cxd4 4. Nxd4 Nf6 5. Bd3 Qb6 6. Nb3 Nc6 7. Nc3 a6 8. Qe2 d6 9. h3 Be7 10. 0-0 h6 11. Be3 Qc7 12. f4 Bd7 13. Nd4 b5 14. Rae1 b4 15. Nb1 Nxd4 16. Bxd4 e5 17. Be3 Qb7 18. Nd2 Bb5 19. c4 bxc3 20. bxc3 Bxd3 21. Qxd3 0-0 22. Rb1 Qc7 23. Rb3 Rfd8 24. Bb6 Qc6 25. Bxd8 Rxd8 26. c4 exf4 27. Rxf4 Re8 28. Rf1 Bd8 29. Rfb1 Qc5+ 30. Qe3 Qe5 31. Qg3 Qa5 32. R1b2 Bc7 33. Rb7 Qc5+ 34. Qf2 Qc6 35. Qa7 Re7 36. Kh1 Kh7 37. Qd4 Re5 38. Qa7 Rc5 39. Rxc7 Qxc7 40. Rb7 Qa5 41. Nf3 Qxa2 42. e5 Nh5 43. Rxf7 Rxc4 44. Qd7 Qb1+ 45. Kh2 dxe5 46. Nd2 Qg6 47. Nxc4 Nf6 48. Nxe5 Qg5 49. Qd3+ Kg8 50. Qg3 1-0

[Event "Niederoesterreich Landesliga 1819"]
[Site "Austria"]
[Date "2018.11.11"]
[Round "4.3"]
[White "Pammer, Andreas"]
[Black "Rechberger, Franz"]
[Result "0-1"]
[WhiteElo "2086"]
[BlackElo "2106"]
[PlyCount "44"]
[EventDate "2018.09.30"]
[EventType "team-tourn"]
[EventRounds "11"]
[EventCountry "AUT"]
[SourceTitle "CBM 189 Extra"]
[Source "ChessBase"]
[SourceDate "2019.06.03"]
[SourceVersion "1"]
[SourceVersionDate "2019.06.03"]
[SourceQuality "1"]
[WhiteTeam "Bisamberg/Korneuburg"]
[BlackTeam "Amstetten"]
[WhiteTeamCountry "AUT"]
[BlackTeamCountry "AUT"]

1. c4 Nf6 2. Nc3 c5 3. Nf3 d5 4. cxd5 Nxd5 5. g3 Nc6 6. Bg2 Nc7 7. d3 e5 8. Be3 Be7 9. Nd2 Qd7 10. Rc1 b6 11. a3 Bb7 12. 0-0 0-0 13. Nc4 f6 14. b4 cxb4 15. axb4 Ne6 16. Qa4 Rfd8 17. b5 Ncd4 18. Bxb7 Qxb7 19. Qa2 Kh8 20. Qb2 Qd7 21. Ra1 Rac8 22. Ra2 Bd6 0-1

[Event "AUT-chT2M 1819"]
[Site "Austria"]
[Date "2018.10.19"]
[Round "1.1"]
[White "Taggatz, Mario"]
[Black "Rechberger, Franz"]
[Result "1-0"]
[WhiteElo "2194"]
[BlackElo "2106"]
[PlyCount "61"]
[EventDate "2018.10.19"]
[EventType "team-tourn"]
[EventRounds "11"]
[EventCountry "AUT"]
[SourceTitle "CBM 186 Extra"]
[Source "ChessBase"]
[SourceDate "2018.08.24"]
[SourceVersion "1"]
[SourceVersionDate "2018.08.24"]
[SourceQuality "1"]
[WhiteTeam "Sauwald"]
[BlackTeam "Freistadt/Wartberg"]
[WhiteTeamCountry "AUT"]
[BlackTeamCountry "AUT"]

1. d4 Nf6 2. Nf3 e6 3. Bg5 h6 4. Bh4 Be7 5. Nbd2 d5 6. e3 0-0 7. Bd3 c5 8. c3 Nc6 9. Ne5 Nd7 10. Bxe7 Qxe7 11. Qh5 Ndxe5 12. dxe5 Qg5 13. Qxg5 hxg5 14. f4 b6 15. 0-0-0 Bb7 16. Nf3 gxf4 17. exf4 Rfd8 18. Ng5 Rd7 19. h4 d4 20. h5 Rad8 21. c4 Kf8 22. a3 Ke7 23. h6 gxh6 24. Rxh6 Rf8 25. Re1 Nd8 26. f5 exf5 27. Bxf5 Rc7 28. e6 fxe6 29. Bxe6 Nxe6 30. Nxe6 Rf7 31. Nxc5+ 1-0

[Event "Niederoesterreich Landesliga 1819"]
[Site "Austria"]
[Date "2018.10.14"]
[Round "2.3"]
[White "Vykydal, Frantisek"]
[Black "Rechberger, Franz"]
[Result "1/2-1/2"]
[WhiteElo "2089"]
[BlackElo "2106"]
[PlyCount "72"]
[EventDate "2018.09.30"]
[EventType "team-tourn"]
[EventRounds "11"]
[EventCountry "AUT"]
[SourceTitle "CBM 189 Extra"]
[Source "ChessBase"]
[SourceDate "2019.06.03"]
[SourceVersion "1"]
[SourceVersionDate "2019.06.03"]
[SourceQuality "1"]
[WhiteTeam "Zwettl"]
[BlackTeam "Amstetten"]
[WhiteTeamCountry "AUT"]
[BlackTeamCountry "AUT"]

1. e4 e5 2. Nf3 Nc6 3. Bb5 a6 4. Ba4 Nf6 5. Bxc6 dxc6 6. d3 Bd6 7. Nbd2 Nd7 8. Nc4 Qe7 9. 0-0 Nf8 10. h3 Ng6 11. d4 0-0 12. dxe5 Nxe5 13. Nfxe5 Bxe5 14. Nxe5 Qxe5 15. Re1 Qf6 16. c3 Be6 17. Qd3 Qg6 18. Bf4 Rad8 19. Qe3 Rd7 20. Red1 Rfd8 21. Rxd7 Rxd7 22. Qa7 h5 23. Qe3 c5 24. Re1 b6 25. a3 c4 26. Qg3 Qxg3 27. fxg3 Kf8 28. Kf2 Ke8 29. Ke2 Re7 30. Kf2 Bc8 31. e5 Bb7 32. Bg5 Rd7 33. e6 fxe6 34. Rxe6+ Kf7 35. Re1 Kg6 36. Bf4 Kf6 1/2-1/2

[Event "AUT-chT2O 1718"]
[Site "Austria"]
[Date "2018.04.07"]
[Round "10.3"]
[White "Rechberger, Franz"]
[Black "Kuntner, Reinhard1111"]
[Result "1-0"]
[WhiteElo "2134"]
[BlackElo "2061"]
[PlyCount "77"]
[EventDate "2017.10.21"]
[EventType "team-tourn"]
[EventRounds "11"]
[EventCountry "AUT"]
[SourceTitle "EXT 2019"]
[Source "ChessBase"]
[SourceDate "2018.10.10"]
[SourceVersion "1"]
[SourceVersionDate "2018.10.10"]
[SourceQuality "1"]
[WhiteTeam "Mostarrichi"]
[BlackTeam "Nickelsdorf Blackburne"]
[WhiteTeamCountry "AUT"]
[BlackTeamCountry "AUT"]

1. d4 d5 2. c4 dxc4 3. Nf3 Nf6 4. Nc3 a6 5. a4 e6 6. e3 c5 7. Bxc4 Nc6 8. 0-0 Be7 9. Qe2 0-0 10. Rd1 Qc7 11. dxc5 Bxc5 12. Bd2 Qe7 13. Rac1 h6 14. Ba2 Bd7 15. Qc4 Rac8 16. Ne4 Nxe4 17. Qxe4 a5 18. Bc3 Bb4 19. Bxb4 Nxb4 20. Bb1 g6 21. Rxc8 Bxc8 22. Qf4 Rd8 23. Rc1 Qd7 24. h4 Qxa4 25. Ne5 Qe8 26. Qf6 Nd5 27. Qf3 Kg7 28. h5 g5 29. e4 Nf6 30. Rc7 Bd7 31. Qc3 Kg8 32. Bc2 b5 33. Nc6 Rc8 34. Qxf6 Bxc6 35. Rxc8 Qxc8 36. Qxh6 Qd8 37. e5 Qd2 38. Bh7+ Kh8 39. Bg6+ 1-0

[Event "AUT-chT2O 1718"]
[Site "Austria"]
[Date "2017.10.22"]
[Round "2.4"]
[White "Rechberger, Franz"]
[Black "Nagy, Bence"]
[Result "1/2-1/2"]
[WhiteElo "2134"]
[BlackElo "2369"]
[PlyCount "145"]
[EventDate "2017.10.21"]
[EventType "team-tourn"]
[EventRounds "11"]
[EventCountry "AUT"]
[SourceTitle "CBM 181 Extra"]
[Source "ChessBase"]
[SourceDate "2017.12.12"]
[SourceVersion "1"]
[SourceVersionDate "2017.12.12"]
[SourceQuality "1"]
[WhiteTeam "Mostarrichi"]
[BlackTeam "Austria"]
[WhiteTeamCountry "AUT"]
[BlackTeamCountry "AUT"]

1. d4 Nf6 2. c4 g6 3. Nc3 d5 4. Nf3 Bg7 5. Qb3 dxc4 6. Qxc4 0-0 7. e4 a6 8. Be2 b5 9. Qb3 c5 10. dxc5 Bb7 11. 0-0 Nxe4 12. Nxe4 Bxe4 13. Rd1 Qc7 14. a4 Qxc5 15. Be3 Qc2 16. Qxc2 Bxc2 17. Rd2 Be4 18. axb5 axb5 19. Rxa8 Bxa8 20. Bxb5 Nc6 21. Bf4 e5 22. Bxc6 exf4 23. Bxa8 Rxa8 24. h4 Rb8 25. Rc2 Rxb2 26. Rc4 Bf8 27. h5 Kg7 28. hxg6 hxg6 29. Nd4 Bd6 30. Kf1 Bb8 31. Rc2 Rb1+ 32. Ke2 Ba7 33. Nc6 Bb6 34. Kf3 g5 35. Ne7 Rb5 36. Kg4 Bd8 37. Nf5+ Kg6 38. Rc6+ f6 39. Rc8 Rd5 40. Ra8 Rxf5 41. Rxd8 Rc5 42. Rg8+ Kf7 43. Ra8 Rc2 44. Kf3 Kg6 45. Rg8+ Kf5 46. g4+ fxg3 47. Kxg3 g4 48. Rxg4 Rxf2 49. Ra4 Rb2 50. Ra5+ Kg6 51. Ra3 Kg5 52. Kf3 f5 53. Rc3 Rh2 54. Kg3 Rh8 55. Rc5 Rb8 56. Rc3 Rb4 57. Ra3 Rd4 58. Rb3 Rg4+ 59. Kf3 Rh4 60. Kg3 f4+ 61. Kg2 Rh7 62. Ra3 Kg4 63. Rb3 Rd7 64. Ra3 Re7 65. Kf2 Rc7 66. Kg2 Rc2+ 67. Kf1 Rd2 68. Rb3 f3 69. Rb8 Kg3 70. Rg8+ Kf4 71. Rf8+ Kg3 72. Rg8+ Kf4 73. Rf8+ 1/2-1/2

[Event "Niederoesterreich Landesliga 1415"]
[Site "Austria"]
[Date "2014.11.30"]
[Round "5.3"]
[White "Vrana, Frantisek"]
[Black "Rechberger, Franz"]
[Result "0-1"]
[WhiteElo "2249"]
[BlackElo "2059"]
[PlyCount "62"]
[EventDate "2014.10.05"]
[EventType "team-tourn"]
[EventRounds "11"]
[EventCountry "AUT"]
[SourceTitle "EXT 2016"]
[Source "ChessBase"]
[SourceDate "2015.10.08"]
[SourceVersion "1"]
[SourceVersionDate "2015.10.08"]
[SourceQuality "1"]
[WhiteTeam "Mistelbach"]
[BlackTeam "Amstetten"]
[WhiteTeamCountry "AUT"]
[BlackTeamCountry "AUT"]

1. e4 e6 2. d3 d5 3. Nd2 Nf6 4. Ngf3 Bc5 5. Be2 Nc6 6. 0-0 e5 7. c3 Bb6 8. exd5 Qxd5 9. Nc4 0-0 10. Bg5 Nd7 11. Qb3 f6 12. Bc1 Rd8 13. Nxb6 Nxb6 14. Be3 Be6 15. Qc2 Bf5 16. Rfd1 Qf7 17. Qb3 Be6 18. Qc2 Nd5 19. Bc1 Bf5 20. Qb3 Rab8 21. d4 exd4 22. Nxd4 Nxd4 23. Rxd4 Nb6 24. Rxd8+ Rxd8 25. Be3 Be6 26. Rd1 Ra8 27. Qa3 Nc4 28. Bxc4 Bxc4 29. b3 Bd5 30. c4 Bc6 31. Qxa7 Rxa7 0-1

[Event "Hoersching op 2nd"]
[Site "Hoersching"]
[Date "2014.08.26"]
[Round "4"]
[White "Siedl, Peter"]
[Black "Rechberger, Franz"]
[Result "1-0"]
[WhiteElo "1675"]
[BlackElo "2059"]
[PlyCount "75"]
[EventDate "2014.08.23"]
[EventType "swiss"]
[EventRounds "9"]
[EventCountry "AUT"]
[SourceTitle "EXT 2015"]
[Source "ChessBase"]
[SourceDate "2014.11.20"]
[SourceVersion "1"]
[SourceVersionDate "2014.11.20"]
[SourceQuality "1"]

1. Nf3 Nf6 2. c4 e6 3. b3 d5 4. Bb2 Be7 5. g3 0-0 6. Bg2 c6 7. 0-0 b6 8. d3 Bb7 9. Nbd2 Nbd7 10. Rc1 Rc8 11. Re1 Re8 12. a3 Bf8 13. b4 e5 14. cxd5 Nxd5 15. e4 Nc7 16. Nc4 f6 17. Ne3 c5 18. b5 Kh8 19. a4 a6 20. Qb3 axb5 21. axb5 Ra8 22. Ra1 Nb8 23. Rxa8 Bxa8 24. Nc4 Nd7 25. Ra1 Qb8 26. Bh3 Rd8 27. Ne3 Ne8 28. Nc4 Qc7 29. Ra6 Nd6 30. Nxd6 Bxd6 31. Qf7 Nf8 32. Qxc7 Bxc7 33. Ra7 Bd6 34. Nd2 c4 35. Nxc4 Bc5 36. Ba3 Bd4 37. Nd6 Kg8 38. Nc8 1-0